Pierwiastki chemiczne - II grupa - Statystyki

Ogólne statystyki
  • Ten quiz został rozwiązany 82 razy
  • Średni wynik to 6 z 6
Statystyki odpowiedzi
Hint Odpowiedź % Poprawnych
Ba bar
100%
Mg magnez
100%
Ra rad
99%
Ca wapń
97%
Be beryl
96%
Sr stront
66%
Nie znaleziono quizów pasujących do podanych kryteriów
Rozkład punktacji
Procent ludzi z każdym wynikiem
Percentyl według liczby udzielonych odpowiedzi
Twoja historia wyników
Nie rozwiązałeś tego quizu